Central Library OPAC University of Rajshahi

বাংলা গানের বর্তমান ও আরো / (Record no. 79935)

MARC details
000 -LEADER
fixed length control field 00983nam a2200253 a 4500
001 - CONTROL NUMBER
control field 79935
003 - CONTROL NUMBER IDENTIFIER
rucl marc code BD-RjUL
005 - DATE AND TIME OF LATEST TRANSACTION
control field 20220607145513.0
008 - FIXED-LENGTH DATA ELEMENTS--GENERAL INFORMATION
fixed length control field 220607s2014 ii ||||| |||| 00| 0 eng d
020 ## - INTERNATIONAL STANDARD BOOK NUMBER
International Standard Book Number 9789849049791
035 ## - SYSTEM CONTROL NUMBER
System control number (BD-RjUL)79935
040 ## - CATALOGING SOURCE
Original cataloging agency BD-RjUL
Language of cataloging eng
Transcribing agency BD-RjUL
041 ## - LANGUAGE CODE
Language code of text/sound track or separate title eng
082 ## - DEWEY DECIMAL CLASSIFICATION NUMBER
Edition number 23
Classification number 780.95492
Author mark and year GOB 2014
100 ## - MAIN ENTRY--PERSONAL NAME
Personal name গোস্বামী, করুণাময়
9 (RLIN) 3492
245 ## - TITLE STATEMENT
Title বাংলা গানের বর্তমান ও আরো /
Statement of responsibility, etc. করুণাময় গোস্বামী
260 ## - PUBLICATION, DISTRIBUTION, ETC. (IMPRINT)
Place of publication, distribution, etc. ঢাকা :
Name of publisher, distributor, etc. বেঙ্গল পাবলিকেশন্স লিমিটেড,
Date of publication, distribution, etc. ২০১৪
300 ## - PHYSICAL DESCRIPTION
Pagination ৩২৮ পৃ.;
Size ২২ সেমি.
650 ## - SUBJECT ADDED ENTRY--TOPICAL TERM
Topical term or geographic name as entry element গান, বাংলা
Geographic subdivision বাংলাদেশ
9 (RLIN) 3493
Topical term or geographic name as entry element Songs, Bengali
Geographic subdivision Bangladesh
9 (RLIN) 1064
Topical term or geographic name as entry element গান, বাংলা
Geographic subdivision ভারত
9 (RLIN) 3494
Topical term or geographic name as entry element Songs, Bengali
Geographic subdivision India.
9 (RLIN) 3495
942 ## - ADDED ENTRY ELEMENTS (KOHA)
Source of classification or shelving scheme Dewey Decimal Classification
Koha item type Books
Holdings
Lost status Source of classification or shelving scheme Damaged status Not for loan Collection code Permanent Location Current Location Shelving location Date acquired Source of acquisition Cost, normal purchase price Total Checkouts Full call number Date last seen Copy number Koha item type Date checked out
  Dewey Decimal Classification   Not For Loan Non-fiction Central Library, University of Rajshahi Central Library, University of Rajshahi Reading Room 01/06/2022 Dhaka: BM Book 478.00   B 780.95492 GOB 2014 07/06/2022 C-1 Books  
  Dewey Decimal Classification     Non-fiction Central Library, University of Rajshahi Central Library, University of Rajshahi General Stacks 01/06/2022 Dhaka: BM Book 478.00   B 780.95492 GOB 2014 07/06/2022 C-2 Books  
  Dewey Decimal Classification     Non-fiction Central Library, University of Rajshahi Central Library, University of Rajshahi General Stacks 01/06/2022 Dhaka: BM Book 478.00 1 B 780.95492 GOB 2014 04/10/2023 C-3 Books 10/09/2023